<?xml version="1.0" encoding="UTF-8"?><?xml-stylesheet type="text/xsl" href="static/style.xsl"?><OAI-PMH xmlns="http://www.openarchives.org/OAI/2.0/" xmlns:xsi="http://www.w3.org/2001/XMLSchema-instance" xsi:schemaLocation="http://www.openarchives.org/OAI/2.0/ http://www.openarchives.org/OAI/2.0/OAI-PMH.xsd"><responseDate>2026-04-14T03:32:17Z</responseDate><request verb="GetRecord" identifier="oai:www.recercat.cat:20.500.12694/7217" metadataPrefix="marc">https://recercat.cat/oai/request</request><GetRecord><record><header><identifier>oai:recercat.cat:20.500.12694/7217</identifier><datestamp>2025-12-18T12:09:52Z</datestamp><setSpec>com_2072_179042</setSpec><setSpec>col_2072_484474</setSpec></header><metadata><record xmlns="http://www.loc.gov/MARC21/slim" xmlns:dcterms="http://purl.org/dc/terms/" xmlns:xsi="http://www.w3.org/2001/XMLSchema-instance" xmlns:doc="http://www.lyncode.com/xoai" xsi:schemaLocation="http://www.loc.gov/MARC21/slim http://www.loc.gov/standards/marcxml/schema/MARC21slim.xsd">
   <leader>00925njm 22002777a 4500</leader>
   <datafield ind2=" " ind1=" " tag="042">
      <subfield code="a">dc</subfield>
   </datafield>
   <datafield ind2=" " ind1=" " tag="720">
      <subfield code="a">Carcasona Otal, Paola</subfield>
      <subfield code="e">author</subfield>
   </datafield>
   <datafield ind2=" " ind1=" " tag="260">
      <subfield code="c">2018-06</subfield>
   </datafield>
   <datafield ind2=" " ind1=" " tag="520">
      <subfield code="a">L'actuació dels "danzantes" és una de les tradicions presents a les festes celebrades a Osca en honor a Sant Llorenç. En aquest treball presento el context en el qual es va compondre la música de cadascuna de les cinc mudances que componen el "dance oscense", les seves principals característiques i la seva evolució fins a l'actualitat. Aquesta informació es complementa amb una anàlisi dels usos i les funcions que aquesta música té en la societat actual d’Osca, seguint el mètode etnogràfic. El resultat és una visió de la música del dance com a símbol i garant de la continuïtat de la cultura d’Osca.</subfield>
   </datafield>
   <datafield ind2=" " ind1=" " tag="520">
      <subfield code="a">La actuación de los danzantes es una de las tradiciones presentes en las fiestas celebradas en Huesca en honor a San Lorenzo. En este trabajo presento el contexto en el cual se compuso la música de cada una de las cinco mudanzas que componen el dance oscense, sus principales características y su evolución hasta la actualidad. Esta información se complementa con un análisis de los usos y las funciones que dicha música tiene en la sociedad oscense actual, siguiendo el método etnográfico. El resultado es una visión de la música del dance como símbolo y garante de la continuidad de la cultura oscense.</subfield>
   </datafield>
   <datafield ind2=" " ind1=" " tag="520">
      <subfield code="a">The “danzantes” performance is one of the main traditions of local festivities held in honor of San Lorenzo in Huesca. This report presents the context in which each of the five “mudanzas” was composed, identifying their main characteristics and subsequent evolution up to the present. This information is complemented by an analysis of the uses and functions that the dance music has in contemporary society, following the ethnographic method. The final outcome is an overall view of the dance music as a symbol that preserves Huesca’s cultural heritage.</subfield>
   </datafield>
   <datafield ind1="8" ind2=" " tag="024">
      <subfield code="a">http://hdl.handle.net/20.500.12694/7217</subfield>
   </datafield>
   <datafield tag="653" ind2=" " ind1=" ">
      <subfield code="a">TFG Música clàssica i contemporània</subfield>
   </datafield>
   <datafield tag="653" ind2=" " ind1=" ">
      <subfield code="a">Dance (Folklore)--Huesca</subfield>
   </datafield>
   <datafield tag="653" ind2=" " ind1=" ">
      <subfield code="a">Música--Huesca</subfield>
   </datafield>
   <datafield tag="653" ind2=" " ind1=" ">
      <subfield code="a">Dance (Folklore)--Anàlisi i apreciació</subfield>
   </datafield>
   <datafield tag="653" ind2=" " ind1=" ">
      <subfield code="a">Dance (Folklore)--Història</subfield>
   </datafield>
   <datafield ind2="0" ind1="0" tag="245">
      <subfield code="a">La música de los danzantes de Huesca: historia y símbolo de una identidad</subfield>
   </datafield>
</record></metadata></record></GetRecord></OAI-PMH>